[Event "Saint-Chely d'Aubrac Op"]
[Site "Saint-Chely d'Aubrac"]
[Date "2006.07.19"]
[Round "6.30"]
[White "Manser, Luca"]
[Black "Ruetsch, Johan"]
[Result "1-0"]
[WhiteElo "1460"]
[BlackElo "1550"]
[PlyCount "39"]
[EventDate "2006.07.??"]

1. e4 c5 2. Nf3 Nc6 3. Bc4 g6 4. d3 Bg7 5. O-O Nf6 6. Nc3 O-O 7. Bf4 d6 8. h3
a6 9. a4 Bd7 10. Qd2 Nb4 11. Bb3 b5 12. Bh6 Bc6 13. axb5 axb5 14. Na2 Nxa2 15.
Rxa2 Rxa2 16. Bxa2 Nd7 17. Bxg7 Kxg7 18. Ng5 Nb6 19. Bxf7 Rxf7 20. Ne6+ 1-0

[Event "Saint-Chely d'Aubrac Op"]
[Site "Saint-Chely d'Aubrac"]
[Date "2006.07.19"]
[Round "6.32"]
[White "Etienne, Adrien"]
[Black "Saucey, Milena"]
[Result "1-0"]
[WhiteElo "1550"]
[BlackElo "1390"]
[PlyCount "113"]
[EventDate "2006.07.??"]

1. d4 d5 2. c4 c6 3. Nc3 Nf6 4. Bg5 Bf5 5. Nf3 e6 6. e3 h6 7. Bf4 Bd6 8. Bxd6
Qxd6 9. c5 Qd8 10. Be2 O-O 11. O-O Nbd7 12. Re1 Re8 13. Nh4 Re7 14. Nxf5 exf5
15. Qd3 Ne4 16. f3 Nxc3 17. Qxc3 Qe8 18. Bd1 Re6 19. Bc2 g6 20. Re2 Qe7 21.
Rae1 Qh4 22. a4 Rae8 23. Qa5 f4 24. Qc7 Nf6 25. Qxb7 Rxe3 26. Rxe3 Rxe3 27.
Qb8+ Kg7 28. Rf1 Re1 29. Qxa7 Rxf1+ 30. Kxf1 Qxh2 31. Qa5 Qh1+ 32. Kf2 Qh4+ 33.
Kf1 Qh1+ 34. Kf2 h5 35. Qe1 Qxe1+ 36. Kxe1 Ne8 37. a5 Nc7 38. Ba4 Kf6 39. Bxc6
Ke7 40. b4 Kd8 41. b5 Kc8 42. b6 Na6 43. Bxd5 Kb8 44. Bxf7 Kc8 45. Bxg6 h4 46.
c6 Kd8 47. Bd3 Nb4 48. Be4 Na6 49. d5 Kc8 50. Bf5+ Kb8 51. c7+ Nxc7 52. d6 Nd5
53. d7 Ne3 54. d8=Q+ Kb7 55. Qc7+ Ka6 56. b7 Nxf5 57. Qb6# 1-0

[Event "Saint-Chely d'Aubrac Op"]
[Site "Saint-Chely d'Aubrac"]
[Date "2006.07.19"]
[Round "6.33"]
[White "Viennot, Kevin"]
[Black "Carrie, Emilien"]
[Result "1-0"]
[WhiteElo "1540"]
[BlackElo "1199"]
[PlyCount "63"]
[EventDate "2006.07.??"]

1. e4 e5 2. Nf3 Nc6 3. Bc4 Nf6 4. d3 Bb4+ 5. c3 Bc5 6. Bg5 O-O 7. Nbd2 Qe8 8.
Bxf6 gxf6 9. Nb3 d6 10. d4 Bg4 11. dxc5 dxc5 12. Nxc5 Qc8 13. h3 Bxf3 14. gxf3
Na5 15. Be2 b6 16. Nb3 Rd8 17. Qc2 Qe6 18. Nxa5 bxa5 19. b3 c5 20. Bc4 Qd6 21.
Bd5 Rab8 22. a4 c4 23. Bxc4 Rb6 24. Bd5 Rdb8 25. Rg1+ Kh8 26. Bxf7 h6 27. Bd5
Qc5 28. h4 h5 29. O-O-O a6 30. Rg6 Rf8 31. Rdg1 Rbb8 32. Rh6# 1-0